[Event "IECC P-4488"]
[Site "IECC email"]
[Date "2008.10.05"]
[Round "?"]
[White "Carless, David"]
[Black "Hassell, Graham S"]
[Result "1-0"]
[WhiteElo "1994"]
[BlackElo "1579"]
[PlyCount "97"]
[EventDate "2008.??.??"]
[EventType "tourn (corr)"]
[EventRounds "1"]
[SourceTitle "Corr 2011"]
[Source "ChessBase"]
[SourceDate "2010.08.31"]
[SourceVersion "1"]
[SourceVersionDate "2010.08.31"]
[SourceQuality "1"]
[WhiteTeam "US of America"]
[BlackTeam "England"]
[WhiteTeamCountry "USA"]
[BlackTeamCountry "ENG"]

1. d4 Nf6 2. Nf3 g6 3. Bg5 Bg7 4. e3 0-0 5. Be2 d6 6. 0-0 Nbd7 7. c4 h6 8. Bh4 g5 9. Bg3 Nh5 10. Nc3 Nxg3 11. fxg3 f5 12. g4 fxg4 13. Nd2 g3 14. Rxf8+ Qxf8 15. hxg3 e5 16. d5 Nf6 17. Qb3 e4 18. c5 Qe7 19. cxd6 cxd6 20. Rf1 b6 21. Bb5 Rb8 22. Qa3 a6 23. Ba4 b5 24. Bc2 Bb7 25. Ncxe4 Nxd5 26. Qd3 Nb4 27. Nf6+ Bxf6 28. Qg6+ Qg7 29. Bb3+ Bd5 30. Rxf6 Qxg6 31. Rxg6+ Kf7 32. Rxd6 Bxb3 33. Nxb3 Nxa2 34. Rxa6 Nb4 35. Ra7+ Kf6 36. Nd4 h5 37. Ra3 Rb6 38. Kf2 Nc6 39. Ke2 Nxd4+ 40. exd4 Kf5 41. Re3 Rc6 42. Kd3 Rc1 43. Re5+ Kg4 44. d5 Rd1+ 45. Kc3 Kxg3 46. Rxg5+ Kh4 47. Re5 Kg3 48. Rxh5 Kg4 49. Rh8 1-0

[Event "P-4355"]
[Site "IECC email"]
[Date "2007.08.17"]
[Round "?"]
[White "Klykow, Luke"]
[Black "Carless, David"]
[Result "1/2-1/2"]
[WhiteElo "2171"]
[BlackElo "1939"]
[PlyCount "55"]
[EventDate "2007.??.??"]
[EventType "tourn (corr)"]
[SourceTitle "Corr 2020"]
[Source "ChessBase"]
[SourceDate "2019.09.30"]
[SourceVersion "1"]
[SourceVersionDate "2019.09.30"]
[SourceQuality "1"]
[WhiteTeam "Poland"]
[BlackTeam "United States"]
[WhiteTeamCountry "POL"]
[BlackTeamCountry "USA"]

1. e4 c6 2. d4 d5 3. exd5 cxd5 4. c3 Bf5 5. Qb3 Qd7 6. Nf3 Nc6 7. Bb5 Nf6 8. Ne5 Qc8 9. Qa4 a6 10. Bxc6+ bxc6 11. Qxc6+ Qxc6 12. Nxc6 e6 13. 0-0 Bd6 14. Nd2 Rc8 15. Ne5 Nd7 16. Ndf3 f6 17. Nxd7 Kxd7 18. Rd1 a5 19. a4 Rc4 20. Ne1 Rb8 21. Ra2 h5 22. Be3 Rc6 23. f4 Rcb6 24. Bc1 R6b7 25. Nd3 Rb3 26. Kf2 h4 27. Ke3 Be4 28. Kf2 1/2-1/2

[Event "IECC P-4247"]
[Site "IECC email"]
[Date "2006.11.04"]
[Round "?"]
[White "Carless, David"]
[Black "Heichal, Gideon"]
[Result "1-0"]
[WhiteElo "1876"]
[BlackElo "1855"]
[PlyCount "67"]
[EventDate "2006.??.??"]
[EventType "tourn (corr)"]
[EventRounds "1"]
[SourceTitle "Corr 2008"]
[Source "ChessBase"]
[SourceDate "2008.06.24"]
[SourceVersion "1"]
[SourceVersionDate "2008.06.24"]
[SourceQuality "1"]

1. d4 Nf6 2. Nf3 e6 3. e3 c5 4. c3 d5 5. Bd3 Bd6 6. Ne5 Nbd7 7. f4 0-0 8. Nd2 b6 9. 0-0 Bb7 10. Qf3 Qc7 11. g4 h6 12. h4 Be7 13. g5 hxg5 14. hxg5 Nxe5 15. dxe5 Ne4 16. Qh3 Bxg5 17. fxg5 Qxe5 18. Nf3 Qf5 19. Qxf5 exf5 20. a4 a5 21. Nh4 g6 22. Bxe4 dxe4 23. c4 Rad8 24. b3 Rd3 25. Rb1 Rfd8 26. Ng2 f6 27. gxf6 Kf7 28. Nf4 R3d7 29. Bb2 g5 30. Nh3 Kg6 31. Rf2 Rh7 32. Nxg5 Kxg5 33. Rg2+ Kh5 34. Kh1 1-0

[Event "IECC KO-5056"]
[Site "IECC email"]
[Date "2006.11.03"]
[Round "?"]
[White "Carless, David"]
[Black "Richard, Andy"]
[Result "1-0"]
[WhiteElo "1875"]
[BlackElo "1045"]
[PlyCount "53"]
[EventDate "2006.??.??"]
[EventType "match (corr)"]
[EventRounds "2"]
[SourceTitle "Corr 2008"]
[Source "ChessBase"]
[SourceDate "2008.06.24"]
[SourceVersion "1"]
[SourceVersionDate "2008.06.24"]
[SourceQuality "1"]

1. d4 d5 2. e3 Nf6 3. Bd3 c6 4. f4 Bg4 5. Nf3 e6 6. Nbd2 Nbd7 7. 0-0 Bd6 8. Qe1 0-0 9. c3 c5 10. Ne5 cxd4 11. exd4 Bf5 12. Be2 h6 13. Bf3 Qb6 14. g4 Bh7 15. h4 Bxe5 16. fxe5 Ne8 17. g5 hxg5 18. hxg5 Nc7 19. Rf2 Nb5 20. Nb3 Rfc8 21. Rh2 a5 22. Qh4 Nf8 23. Bd1 a4 24. Bc2 g6 25. Nc5 Rxc5 26. dxc5 Qxc5+ 27. Qf2 1-0

[Event "IECC SKO2.2.1"]
[Site "IECC email"]
[Date "2006.01.03"]
[Round "?"]
[White "Carless, David"]
[Black "Barrer, Michel"]
[Result "1-0"]
[WhiteElo "1867"]
[BlackElo "1477"]
[PlyCount "25"]
[EventDate "2006.??.??"]
[EventType "tourn (corr)"]
[EventRounds "10"]
[SourceTitle "Corr 2020"]
[Source "ChessBase"]
[SourceDate "2019.09.30"]
[SourceVersion "1"]
[SourceVersionDate "2019.09.30"]
[SourceQuality "1"]
[WhiteTeam "United States"]
[BlackTeam "France"]
[WhiteTeamCountry "USA"]
[BlackTeamCountry "FRA"]

1. d4 Nf6 2. Nf3 b6 3. Bg5 h6 4. Bxf6 exf6 5. e4 Bb7 6. Nbd2 Nc6 7. c3 Be7 8. Bd3 a6 9. 0-0 0-0 10. Nh4 g6 11. Qg4 Kh7 12. f4 f5 13. exf5 1-0

[Event "IECC CL2-2005.18 email"]
[Site "IECC email"]
[Date "2005.11.29"]
[Round "?"]
[White "Carless, David"]
[Black "Cade, Stephen"]
[Result "1-0"]
[WhiteElo "1882"]
[BlackElo "2107"]
[PlyCount "79"]
[EventDate "2005.??.??"]
[EventType "tourn (corr)"]
[EventRounds "4"]
[SourceTitle "Corr 2015"]
[Source "ChessBase"]
[SourceDate "2015.07.17"]
[SourceVersion "1"]
[SourceVersionDate "2015.07.17"]
[SourceQuality "1"]
[WhiteTeam "US of America"]
[BlackTeam "England"]
[WhiteTeamCountry "USA"]
[BlackTeamCountry "ENG"]

1. d4 Nf6 2. Nf3 g6 3. Bg5 Bg7 4. Nbd2 0-0 5. e4 d5 6. e5 Ne4 7. Bd3 Bf5 8. Qe2 Nxg5 9. Nxg5 Qd7 10. Nb3 Bxd3 11. cxd3 Qf5 12. h4 f6 13. g4 Qc8 14. Nh3 a5 15. a4 Qe6 16. Nf4 Qb6 17. Nc5 fxe5 18. Nxd5 Qd6 19. Qe4 Ra7 20. Rc1 c6 21. Nb6 exd4 22. Qe6+ Kh8 23. h5 g5 24. 0-0 Na6 25. Qxd6 exd6 26. Ne6 Rf6 27. Nxg5 Nc5 28. Rce1 Ra6 29. Nc8 Nxd3 30. Re7 d5 31. f4 c5 32. f5 Rf8 33. Nf7+ Kg8 34. Ncd6 Bf6 35. Rxb7 c4 36. Kh1 Nc5 37. Nh6+ Kh8 38. Ndf7+ Kg7 39. Rc7 Nxa4 40. g5 1-0

[Event "IECC O-2108"]
[Site "IECC email"]
[Date "2004.11.17"]
[Round "?"]
[White "Hammann, Bernd"]
[Black "Carless, David"]
[Result "1-0"]
[WhiteElo "1901"]
[BlackElo "1900"]
[PlyCount "45"]
[EventDate "2004.??.??"]
[EventType "swiss (corr)"]
[EventRounds "2"]
[SourceTitle "Corr 2020"]
[Source "ChessBase"]
[SourceDate "2019.09.30"]
[SourceVersion "1"]
[SourceVersionDate "2019.09.30"]
[SourceQuality "1"]
[WhiteTeam "Germany"]
[BlackTeam "United States"]
[WhiteTeamCountry "GER"]
[BlackTeamCountry "USA"]

1. d4 Nf6 2. c4 c6 3. Nc3 d5 4. cxd5 cxd5 5. Bf4 Nc6 6. e3 Bf5 7. Bb5 a6 8. Bxc6+ bxc6 9. Nge2 e6 10. 0-0 Be7 11. Rc1 0-0 12. Na4 Qa5 13. Rxc6 Rac8 14. Rxc8 Rxc8 15. Nac3 Ne4 16. Nxe4 Bxe4 17. Qb3 Qb4 18. Qxb4 Bxb4 19. Rc1 Bc2 20. e4 dxe4 21. a3 Bf8 22. d5 Rc4 23. d6 1-0

[Event "IECC CL3-2004.15 email"]
[Site "IECC email"]
[Date "2004.06.14"]
[Round "?"]
[White "Hess, John"]
[Black "Carless, David"]
[Result "0-1"]
[WhiteElo "1850"]
[BlackElo "1888"]
[PlyCount "46"]
[EventDate "2004.??.??"]
[EventType "tourn (corr)"]
[EventRounds "4"]
[SourceTitle "Corr 2008"]
[Source "ChessBase"]
[SourceDate "2008.06.24"]
[SourceVersion "1"]
[SourceVersionDate "2008.06.24"]
[SourceQuality "1"]

1. Nf3 Nf6 2. g3 c6 3. Bg2 d5 4. 0-0 Bf5 5. d3 Nbd7 6. Nh4 g6 7. Nxf5 gxf5 8. e3 h5 9. h4 Qc7 10. Nd2 0-0-0 11. Nf3 Rg8 12. b4 e5 13. c3 e4 14. Ne1 Be7 15. b5 cxb5 16. a4 Ng4 17. axb5 Bxh4 18. Qe2 Bxg3 19. Rxa7 h4 20. Ra8+ Nb8 21. b6 Bxf2+ 22. Rxf2 Qg3 23. Rxf5 h3 0-1

[Event "IECC CL3-2004.12 email"]
[Site "IECC email"]
[Date "2004.04.11"]
[Round "?"]
[White "Baumann, Dariusz"]
[Black "Carless, David"]
[Result "1/2-1/2"]
[WhiteElo "1800"]
[BlackElo "1892"]
[PlyCount "119"]
[EventDate "2004.??.??"]
[EventType "tourn (corr)"]
[EventRounds "4"]
[SourceTitle "Corr 2008"]
[Source "ChessBase"]
[SourceDate "2008.06.24"]
[SourceVersion "1"]
[SourceVersionDate "2008.06.24"]
[SourceQuality "1"]

1. e4 c6 2. d4 d5 3. exd5 cxd5 4. c4 Nf6 5. Nc3 g6 6. Qb3 Bg7 7. cxd5 0-0 8. Be2 Nbd7 9. Bf3 Nb6 10. Nge2 Bf5 11. 0-0 Bd3 12. d6 exd6 13. Bxb7 Rb8 14. Bf3 Nbd5 15. Qd1 Bc4 16. Re1 Qb6 17. b3 Bxe2 18. Nxe2 Rfe8 19. Bb2 Rbc8 20. Rc1 Bh6 21. Rxc8 Rxc8 22. Qb1 Qa5 23. Rd1 Rc7 24. h3 Bg5 25. Ng3 Re7 26. Ne4 Nxe4 27. Bxe4 Nc3 28. Bxc3 Qxc3 29. Qd3 Qxd3 30. Bxd3 d5 31. Kf1 Rc7 32. Be2 Rc1 33. Rxc1 Bxc1 34. Bf3 Bb2 35. Bxd5 Bxd4 36. f3 g5 37. Ke2 h5 38. Kd3 Bf2 39. Kc4 Kf8 40. Kb5 h4 41. Kc6 f6 42. b4 Ke7 43. Bb3 Kd8 44. Be6 Ke7 45. Bf5 Be3 46. a4 Bf2 47. b5 Bb6 48. Bg4 Kd8 49. Kb7 Ke7 50. Ka6 Kd6 51. a5 Bd4 52. Kb7 Ke5 53. Kc6 Kf4 54. b6 axb6 55. axb6 Kg3 56. b7 Be5 57. Kd7 Kxg2 58. Ke6 Kg3 59. Kf5 Kg2 60. Ke4 1/2-1/2

[Event "IECC CL3-2003.24 email"]
[Site "IECC email"]
[Date "2003.10.27"]
[Round "?"]
[White "Sanchez Martinez, Ramon"]
[Black "Carless, David"]
[Result "0-1"]
[WhiteElo "1900"]
[BlackElo "1816"]
[PlyCount "72"]
[EventDate "2003.??.??"]
[EventType "tourn (corr)"]
[EventRounds "4"]
[SourceTitle "Corr 2008"]
[Source "ChessBase"]
[SourceDate "2008.06.24"]
[SourceVersion "1"]
[SourceVersionDate "2008.06.24"]
[SourceQuality "1"]

1. d4 Nf6 2. c4 c6 3. Nc3 d5 4. e3 g6 5. f4 Bg7 6. Nf3 0-0 7. Bd3 Be6 8. c5 b6 9. b4 a5 10. cxb6 axb4 11. Na4 Nbd7 12. Ne5 Nxb6 13. Nxc6 Qc7 14. Nxe7+ Kh8 15. Nxb6 Qxb6 16. f5 Bd7 17. fxg6 fxg6 18. Bd2 Qe6 19. Bxb4 Qxe3+ 20. Qe2 Qxd4 21. Rb1 Bg4 22. Qd2 Ne4 23. Nc6 Nxd2 24. Nxd4 Bxd4 25. Bxf8 Nxb1 26. Bxb1 Bc3+ 27. Kf2 Rxf8+ 28. Kg3 Bc8 29. h3 Be5+ 30. Kh4 Rf4+ 31. Kg5 Kg7 32. Bxg6 hxg6 33. Re1 Rf5+ 34. Kg4 Rf8+ 35. Kg5 Bf4+ 36. Kh4 Rh8# 0-1

[Event "IECC CL3-2003.17 email"]
[Site "IECC email"]
[Date "2003.08.03"]
[Round "?"]
[White "Carless, David"]
[Black "Leyen, Peter"]
[Result "1/2-1/2"]
[WhiteElo "1821"]
[BlackElo "1975"]
[PlyCount "98"]
[EventDate "2003.??.??"]
[EventType "tourn (corr)"]
[EventRounds "4"]
[SourceTitle "Corr 2008"]
[Source "ChessBase"]
[SourceDate "2008.06.24"]
[SourceVersion "1"]
[SourceVersionDate "2008.06.24"]
[SourceQuality "1"]

1. d4 Nf6 2. Nf3 g6 3. Bg5 Bg7 4. e3 0-0 5. Be2 d5 6. Nbd2 Nbd7 7. c3 h6 8. Bh4 c5 9. 0-0 g5 10. Bg3 Nh5 11. Qc2 Nxg3 12. hxg3 Qc7 13. Rac1 Rd8 14. b4 b6 15. c4 g4 16. Nh4 cxd4 17. Nf5 Nf6 18. exd4 Bxf5 19. Qxf5 dxc4 20. Rxc4 Qd7 21. Qxd7 Rxd7 22. Rfc1 Rad8 23. Nb3 e6 24. Rc8 Nd5 25. Bxg4 Nxb4 26. Rxd8+ Rxd8 27. Rc7 a5 28. Bh5 Nxa2 29. Bxf7+ Kh8 30. Bxe6 Nb4 31. Rb7 a4 32. Rxb6 Nc2 33. d5 axb3 34. Rxb3 Nd4 35. Re3 Nb5 36. Rb3 Nc7 37. Kf1 h5 38. f4 Rd6 39. f5 Kh7 40. Bf7 Kh6 41. Rb4 Nxd5 42. Rh4 Nf6 43. Bxh5 Nxh5 44. g4 Kg5 45. Rxh5+ Kxg4 46. Rh3 Rd2 47. Re3 Bf6 48. Ke1 Rd5 49. Ke2 Bg5 1/2-1/2

[Event "IECC CL4-2000.01"]
[Site "IECC email"]
[Date "1999.10.20"]
[Round "?"]
[White "Carless, David"]
[Black "Pope, Tony"]
[Result "1/2-1/2"]
[WhiteElo "1832"]
[BlackElo "1689"]
[PlyCount "81"]
[EventDate "2000.??.??"]
[EventType "tourn (corr)"]
[EventRounds "4"]
[SourceTitle "Corr 2008"]
[Source "ChessBase"]
[SourceDate "2008.06.24"]
[SourceVersion "1"]
[SourceVersionDate "2008.06.24"]
[SourceQuality "1"]

1. d4 Nf6 2. Nf3 g6 3. Bg5 d5 4. Nbd2 Bg7 5. e3 0-0 6. c3 Nbd7 7. Bd3 c5 8. 0-0 b6 9. Qb1 Bb7 10. b4 c4 11. Bc2 a5 12. b5 Re8 13. Qb2 Rc8 14. Rae1 Qc7 15. Bf4 Qd8 16. Qb1 Nh5 17. Bg5 Qc7 18. e4 e5 19. a4 exd4 20. Nxd4 Bxd4 21. cxd4 c3 22. Nf3 dxe4 23. Bxe4 Rxe4 24. Rxe4 c2 25. Qe1 Bxe4 26. Qxe4 Nhf6 27. Qe2 Qc4 28. Qxc4 Rxc4 29. Rc1 Nd5 30. Kf1 Nf8 31. Ke2 Ne6 32. Be3 Rxa4 33. Rxc2 Kg7 34. Rb2 Nef4+ 35. Bxf4 Nxf4+ 36. Ke3 Nxg2+ 37. Ke4 f6 38. Kd5 Ra3 39. Ng1 Rc3 40. Ne2 Rc7 41. Kd6 1/2-1/2

[Event "IECC CL4-2000.01"]
[Site "IECC email"]
[Date "1999.10.20"]
[Round "?"]
[White "Theofel, Heiner"]
[Black "Carless, David"]
[Result "0-1"]
[WhiteElo "1585"]
[BlackElo "1818"]
[PlyCount "52"]
[EventDate "2000.??.??"]
[EventType "tourn (corr)"]
[EventRounds "4"]
[SourceTitle "Corr 2008"]
[Source "ChessBase"]
[SourceDate "2008.06.24"]
[SourceVersion "1"]
[SourceVersionDate "2008.06.24"]
[SourceQuality "1"]

1. e4 c6 2. d4 d5 3. e5 Bf5 4. Bd3 Bxd3 5. Qxd3 e6 6. Nc3 Qb6 7. Nge2 Qa6 8. 0-0 Qxd3 9. cxd3 Nd7 10. Be3 Ne7 11. g4 g6 12. f4 Bg7 13. Ng3 f6 14. g5 fxg5 15. fxg5 Nf5 16. Nxf5 gxf5 17. Kf2 Kf7 18. h4 h6 19. Rh1 hxg5 20. hxg5 c5 21. dxc5 Nxe5 22. d4 f4 23. Bxf4 Nd3+ 24. Ke3 Nxf4 25. Rhf1 Rh3+ 26. Kd2 Rd3+ 0-1

[Event "IECC CL4-1999.33"]
[Site "IECC email"]
[Date "1999.08.14"]
[Round "?"]
[White "Tomashewski, Peter"]
[Black "Carless, David"]
[Result "0-1"]
[WhiteElo "1708"]
[BlackElo "1796"]
[PlyCount "114"]
[EventDate "1999.??.??"]
[EventType "tourn (corr)"]
[EventRounds "4"]
[SourceTitle "Corr 2008"]
[Source "ChessBase"]
[SourceDate "2008.06.24"]
[SourceVersion "1"]
[SourceVersionDate "2008.06.24"]
[SourceQuality "1"]

1. d4 d5 2. Nf3 Nf6 3. Bf4 c5 4. c3 Nc6 5. e3 Qb6 6. Qb3 Qxb3 7. axb3 cxd4 8. exd4 Nh5 9. Be3 e6 10. Nbd2 Bd6 11. Bd3 Nf4 12. Bxf4 Bxf4 13. 0-0 0-0 14. Rfe1 Bd7 15. Nf1 a6 16. Ne3 f6 17. g3 Bc7 18. h4 Rad8 19. b4 Ne7 20. Nd2 e5 21. Nb3 e4 22. Bc2 f5 23. Nc5 Bc8 24. Bb3 Kh8 25. Kg2 f4 26. Nf1 Nf5 27. Bc2 Rf6 28. h5 Rh6 29. Bd1 f3+ 30. Kg1 Rxh5 31. Nxe4 dxe4 32. Rxe4 Bd7 33. Bxf3 Bc6 34. Bxh5 Bxe4 35. Re1 Bc6 36. Nd2 Nd6 37. c4 g6 38. Bd1 Re8 39. Rxe8+ Bxe8 40. c5 Nf5 41. d5 b6 42. g4 Nd4 43. Nc4 b5 44. Ne3 Kg7 45. d6 Bd8 46. Kg2 Bc6+ 47. Kg3 Kf7 48. f4 Ke6 49. g5 a5 50. Bg4+ Nf5+ 51. Nxf5 gxf5 52. Bf3 Bxf3 53. Kxf3 axb4 54. b3 Kd5 55. Ke3 Kxc5 56. d7 Kd6 57. Kd4 Bb6+ 0-1

[Event "IECC CL3-1999.24"]
[Site "IECC email"]
[Date "1999.06.04"]
[Round "?"]
[White "Carless, David"]
[Black "Hermans, Marcel M"]
[Result "1/2-1/2"]
[WhiteElo "1780"]
[BlackElo "1954"]
[PlyCount "76"]
[EventDate "1999.??.??"]
[EventType "tourn (corr)"]
[EventRounds "4"]
[SourceTitle "Corr 2008"]
[Source "ChessBase"]
[SourceDate "2008.06.24"]
[SourceVersion "1"]
[SourceVersionDate "2008.06.24"]
[SourceQuality "1"]

1. d4 d5 2. e3 Nf6 3. Bd3 c5 4. c3 Nc6 5. Nf3 Bg4 6. Nbd2 e6 7. Qa4 Nd7 8. Bb5 Qc7 9. dxc5 Bxf3 10. Nxf3 Nxc5 11. Qc2 Be7 12. 0-0 0-0 13. Bd2 a6 14. Be2 b5 15. Nd4 Ne5 16. Be1 Rac8 17. f3 Rfd8 18. Bg3 Bf6 19. Rad1 Qe7 20. b3 Ng6 21. a4 bxa4 22. b4 Nb3 23. Bxa6 Ra8 24. Bb5 Nxd4 25. exd4 a3 26. Qb3 Rdc8 27. Rf2 Qb7 28. Bd3 Qa7 29. Bxg6 hxg6 30. Ra2 Qa4 31. Qxa4 Rxa4 32. Be1 Ra7 33. Rda1 Rca8 34. Bg3 Kf8 35. Kf2 Ke7 36. Ke2 Kd7 37. Bf4 g5 38. Be3 Ra6 1/2-1/2

[Event "IECC CL4-1999.09"]
[Site "IECC email"]
[Date "1999.01.16"]
[Round "?"]
[White "Carless, David"]
[Black "Bouma, Jan"]
[Result "1-0"]
[WhiteElo "1713"]
[BlackElo "1635"]
[PlyCount "71"]
[EventDate "1999.??.??"]
[EventType "tourn (corr)"]
[EventRounds "4"]
[SourceTitle "Corr 2008"]
[Source "ChessBase"]
[SourceDate "2008.06.24"]
[SourceVersion "1"]
[SourceVersionDate "2008.06.24"]
[SourceQuality "1"]

1. d4 d5 2. e3 Bf5 3. c4 e6 4. Qb3 Nc6 5. Bd2 Rb8 6. Nf3 Nf6 7. c5 a6 8. Bd3 Ne4 9. Qc2 Be7 10. 0-0 0-0 11. a3 Bg6 12. Nc3 f5 13. b4 Bf6 14. b5 axb5 15. Bxb5 Ne7 16. Ne2 c6 17. Bd3 Qc7 18. Rab1 Bf7 19. Rb3 Ng6 20. Rfb1 e5 21. Be1 Rfe8 22. a4 f4 23. dxe5 Nxe5 24. Nxe5 Bxe5 25. exf4 Bxf4 26. Nxf4 Qxf4 27. f3 Nf6 28. Bg3 Qd4+ 29. Kf1 Ra8 30. Rb4 Qe3 31. Bf4 Qe7 32. Rxb7 Qd8 33. Bg5 h6 34. Bh7+ Kf8 35. Bf4 Re6 36. Rb8 1-0

[Event "IECC CL4-1999.01"]
[Site "IECC email"]
[Date "1998.11.07"]
[Round "?"]
[White "Carless, David"]
[Black "Popp, Tony"]
[Result "1-0"]
[WhiteElo "1655"]
[BlackElo "1544"]
[PlyCount "75"]
[EventDate "1999.??.??"]
[EventType "tourn (corr)"]
[EventRounds "4"]
[SourceTitle "Corr 2008"]
[Source "ChessBase"]
[SourceDate "2008.06.24"]
[SourceVersion "1"]
[SourceVersionDate "2008.06.24"]
[SourceQuality "1"]

1. d4 c5 2. c3 Nf6 3. Nf3 b6 4. Bg5 Bb7 5. Nbd2 h6 6. Bxf6 gxf6 7. e4 e6 8. Bd3 Qc7 9. Qc2 h5 10. 0-0-0 Bh6 11. Kb1 cxd4 12. Nxd4 a6 13. N2f3 Nc6 14. Nxc6 Qxc6 15. Nd4 Qc7 16. Qe2 Bf4 17. g3 Be5 18. f4 Bxd4 19. cxd4 d5 20. Rc1 Qd7 21. e5 f5 22. Rc3 b5 23. Rhc1 Rc8 24. Qc2 Rxc3 25. Qxc3 0-0 26. Qc7 Qxc7 27. Rxc7 Rb8 28. Be2 Ba8 29. Bxh5 Rf8 30. Ra7 Bc6 31. Rxa6 Be8 32. Ra8 Kg7 33. h3 Rh8 34. g4 Rf8 35. Kc2 Bd7 36. Rxf8 Kxf8 37. g5 Kg7 38. Kc3 1-0